Exportný marketing diplomová práca

Guardado en:
Detalles Bibliográficos
Autor principal: Rumanová, Monika
Autor Corporativo: Obchodná fakulta EU. Katedra marketingu
Otros Autores: Lesáková, Dagmar, 1949-
Formato: Libro
Lenguaje:eslovaco
Publicado: Bratislava 2009
Etiquetas: Agregar Etiqueta
Sin Etiquetas, Sea el primero en etiquetar este registro!

MARC

LEADER 00000nam$a2200000$$$4500
001 0098024
005 20240318135338.1
041 0 |a slo 
044 |a SK 
245 1 0 |a Exportný marketing  |b diplomová práca  |c Monika Rumanová ; škol. Dagmar Lesáková 
264 1 |a Bratislava  |c 2009 
300 |a 88 s. 
100 1 |a Rumanová, Monika 
700 1 |a Lesáková, Dagmar, 1949- 
710 2 |a Obchodná fakulta EU. Katedra marketingu